Quotations of courage and vision: a source book for speaking,writing and meditat (Record no. 184)

MARC details
000 -LEADER
fixed length control field 00460nam a2200157Ia 4500
020 ## - INTERNATIONAL STANDARD BOOK NUMBER
ISBN 0-8096-1849-4
082 ## - DEWEY DECIMAL CLASSIFICATION NUMBER
Classification number RR 808.882 VOS-Q
100 ## - MAIN ENTRY--AUTHOR NAME
Personal name Voss, Carl Herman;
245 #0 - TITLE STATEMENT
Title Quotations of courage and vision: a source book for speaking,writing and meditat
260 ## - PUBLICATION, DISTRIBUTION, ETC. (IMPRINT)
Place of publication New York
Name of publisher Association Press
Year of publication 1972
300 ## - PHYSICAL DESCRIPTION
Number of Pages 270p.
504 ## - BIBLIOGRAPHY, ETC. NOTE
Bibliography, etc Includes authors index
650 ## - SUBJECT ADDED ENTRY--TOPICAL TERM
Topical Term Courage and vision - Quotations
650 ## - SUBJECT ADDED ENTRY--TOPICAL TERM
Topical Term Quotations, English
942 ## - ADDED ENTRY ELEMENTS (KOHA)
Koha item type Books
Holdings
Withdrawn status Lost status Damaged status Not for loan Home library Current library Date acquired Full call number Accession Number Price effective from Koha item type
        NASSDOC Library NASSDOC Library 08/06/2004 RR 808.882 VOS-Q 6003 18/04/2019 Books